000
00366nam a2200133Ia 4500
008
151001s9999||||xx |||||||||||||| ||und||
100
_a
द र कवठेकर
245
_a
उमाडलेल्या भावना
250
_a
2
260
_b
ललित साहित्य प्रकाशन
260
_c
1966
300
_a
240
365
_b
7
999
_c
954201
_d
954198